<?xml version="1.0" encoding="UTF-8"?>
<record
    xmlns:xsi="http://www.w3.org/2001/XMLSchema-instance"
    xsi:schemaLocation="http://www.loc.gov/MARC21/slim http://www.loc.gov/standards/marcxml/schema/MARC21slim.xsd"
    xmlns="http://www.loc.gov/MARC21/slim">

  <leader>01586cam a22003251i 4500</leader>
  <controlfield tag="003">SA-RiAUC</controlfield>
  <controlfield tag="005">20241127141820.0</controlfield>
  <controlfield tag="008">241126s1982    ku     g     f00000 ara c</controlfield>
  <datafield tag="040" ind1=" " ind2=" ">
    <subfield code="a">SA-RiKSU</subfield>
    <subfield code="b">ara</subfield>
    <subfield code="c">SA-RiAUC</subfield>
    <subfield code="e">rda</subfield>
  </datafield>
  <datafield tag="041" ind1="1" ind2=" ">
    <subfield code="a">ara</subfield>
    <subfield code="h">und</subfield>
  </datafield>
  <datafield tag="082" ind1="0" ind2="4">
    <subfield code="a">303.483</subfield>
    <subfield code="q">SA-RiAUC</subfield>
  </datafield>
  <datafield tag="090" ind1=" " ind2=" ">
    <subfield code="a">303.483</subfield>
    <subfield code="b">&#x643; &#x627; &#x646;</subfield>
  </datafield>
  <datafield tag="100" ind1="1" ind2=" ">
    <subfield code="a">&#x643;&#x627;&#x646;&#x60C; &#x647;&#x64A;&#x631;&#x645;&#x627;&#x646;&#x60C;</subfield>
    <subfield code="d">1922-1983</subfield>
    <subfield code="e">&#x645;&#x624;&#x644;&#x641;.</subfield>
  </datafield>
  <datafield tag="245" ind1="1" ind2="2">
    <subfield code="a">&#x627;&#x644;&#x639;&#x627;&#x644;&#x645; &#x628;&#x639;&#x62F; &#x645;&#x627;&#x626;&#x62A;&#x64A; &#x639;&#x627;&#x645; :</subfield>
    <subfield code="b">&#x627;&#x644;&#x62B;&#x648;&#x631;&#x629; &#x627;&#x644;&#x639;&#x644;&#x645;&#x64A;&#x629; &#x648;&#x627;&#x644;&#x62A;&#x643;&#x646;&#x648;&#x644;&#x648;&#x62C;&#x64A;&#x629; &#x62E;&#x644;&#x627;&#x644; &#x627;&#x644;&#x642;&#x631;&#x646;&#x64A;&#x646; &#x627;&#x644;&#x642;&#x627;&#x62F;&#x645;&#x64A;&#x646; /</subfield>
    <subfield code="c">&#x62A;&#x623;&#x644;&#x64A;&#x641; &#x647;&#x64A;&#x631;&#x645;&#x627;&#x646; &#x643;&#x627;&#x646;&#x60C; &#x648;&#x644;&#x64A;&#x627;&#x645; &#x628;&#x631;&#x627;&#x648;&#x646;&#x60C; &#x644;&#x64A;&#x648;&#x646; &#x645;&#x627;&#x631;&#x62A;&#x64A;&#x644; &#x61B; &#x62A;&#x631;&#x62C;&#x645;&#x629; &#x634;&#x648;&#x642;&#x64A; &#x62C;&#x644;&#x627;&#x644;.</subfield>
  </datafield>
  <datafield tag="250" ind1=" " ind2=" ">
    <subfield code="a">&#x627;&#x644;&#x637;&#x628;&#x639;&#x629; &#x627;&#x644;&#x623;&#x648;&#x644;&#x649;.</subfield>
  </datafield>
  <datafield tag="264" ind1=" " ind2="1">
    <subfield code="a">&#x627;&#x644;&#x643;&#x648;&#x64A;&#x62A; :</subfield>
    <subfield code="b">&#x627;&#x644;&#x645;&#x62C;&#x644;&#x633; &#x627;&#x644;&#x648;&#x637;&#x646;&#x64A; &#x644;&#x644;&#x62B;&#x642;&#x627;&#x641;&#x629; &#x648;&#x627;&#x644;&#x641;&#x646;&#x648;&#x646; &#x648;&#x627;&#x644;&#x622;&#x62F;&#x627;&#x628;&#x60C;</subfield>
    <subfield code="c">1982</subfield>
  </datafield>
  <datafield tag="300" ind1=" " ind2=" ">
    <subfield code="a">368 &#x635;&#x641;&#x62D;&#x629; &#x61B;</subfield>
    <subfield code="c">20 &#x633;&#x645;.</subfield>
  </datafield>
  <datafield tag="336" ind1=" " ind2=" ">
    <subfield code="a">&#x646;&#x635;</subfield>
    <subfield code="b">txt</subfield>
    <subfield code="2">rdacontent</subfield>
    <subfield code="3">&#x643;&#x62A;&#x627;&#x628;</subfield>
  </datafield>
  <datafield tag="337" ind1=" " ind2=" ">
    <subfield code="a">&#x628;&#x62F;&#x648;&#x646; &#x648;&#x633;&#x64A;&#x637;</subfield>
    <subfield code="b">n</subfield>
    <subfield code="2">rdamedia</subfield>
  </datafield>
  <datafield tag="338" ind1=" " ind2=" ">
    <subfield code="a">&#x645;&#x62C;&#x644;&#x62F;</subfield>
    <subfield code="b">nc</subfield>
    <subfield code="2">rdacarrier</subfield>
  </datafield>
  <datafield tag="490" ind1="1" ind2=" ">
    <subfield code="a">&#x639;&#x627;&#x644;&#x645; &#x627;&#x644;&#x645;&#x639;&#x631;&#x641;&#x629; / &#x627;&#x644;&#x645;&#x62C;&#x644;&#x633; &#x627;&#x644;&#x648;&#x637;&#x646;&#x64A; &#x644;&#x644;&#x62B;&#x642;&#x627;&#x641;&#x629; &#x648;&#x627;&#x644;&#x641;&#x646;&#x648;&#x646; &#x648;&#x627;&#x644;&#x622;&#x62F;&#x627;&#x628; (&#x627;&#x644;&#x643;&#x648;&#x64A;&#x62A;) &#x61B;</subfield>
    <subfield code="v">55</subfield>
  </datafield>
  <datafield tag="650" ind1=" " ind2="7">
    <subfield code="a">&#x627;&#x644;&#x62B;&#x648;&#x631;&#x629; &#x627;&#x644;&#x635;&#x646;&#x627;&#x639;&#x64A;&#x629;</subfield>
    <subfield code="2">aucsh</subfield>
  </datafield>
  <datafield tag="650" ind1=" " ind2="7">
    <subfield code="a">&#x627;&#x644;&#x62A;&#x643;&#x646;&#x648;&#x644;&#x648;&#x62C;&#x64A;&#x627;</subfield>
    <subfield code="x">&#x62C;&#x648;&#x627;&#x646;&#x628; &#x627;&#x62C;&#x62A;&#x645;&#x627;&#x639;&#x64A;&#x629;</subfield>
    <subfield code="2">aucsh</subfield>
  </datafield>
  <datafield tag="700" ind1="1" ind2=" ">
    <subfield code="a">&#x628;&#x631;&#x627;&#x648;&#x646;&#x60C; &#x648;&#x644;&#x64A;&#x627;&#x645;&#x60C;</subfield>
    <subfield code="d">1967-</subfield>
    <subfield code="e">&#x645;&#x624;&#x644;&#x641;.</subfield>
  </datafield>
  <datafield tag="700" ind1="1" ind2=" ">
    <subfield code="a">&#x645;&#x627;&#x631;&#x62A;&#x64A;&#x644;&#x60C; &#x644;&#x64A;&#x648;&#x646;</subfield>
    <subfield code="e">&#x645;&#x624;&#x644;&#x641;.</subfield>
  </datafield>
  <datafield tag="700" ind1="1" ind2=" ">
    <subfield code="a">&#x62C;&#x644;&#x627;&#x644;&#x60C; &#x634;&#x648;&#x642;&#x64A;&#x60C;</subfield>
    <subfield code="d">1931-</subfield>
    <subfield code="e">&#x645;&#x62A;&#x631;&#x62C;&#x645;.</subfield>
  </datafield>
  <datafield tag="830" ind1=" " ind2="0">
    <subfield code="a">&#x639;&#x627;&#x644;&#x645; &#x627;&#x644;&#x645;&#x639;&#x631;&#x641;&#x629; (&#x627;&#x644;&#x645;&#x62C;&#x644;&#x633; &#x627;&#x644;&#x648;&#x637;&#x646;&#x64A; &#x644;&#x644;&#x62B;&#x642;&#x627;&#x641;&#x629; &#x648;&#x627;&#x644;&#x641;&#x646;&#x648;&#x646; &#x648;&#x627;&#x644;&#x622;&#x62F;&#x627;&#x628;)</subfield>
    <subfield code="v">55</subfield>
  </datafield>
  <datafield tag="942" ind1=" " ind2=" ">
    <subfield code="2">ddc</subfield>
    <subfield code="c">BOOK</subfield>
    <subfield code="n">0</subfield>
  </datafield>
  <datafield tag="949" ind1=" " ind2=" ">
    <subfield code="a">SA-JeALM</subfield>
    <subfield code="d">241126</subfield>
    <subfield code="u">mohamedma123</subfield>
    <subfield code="n">1</subfield>
  </datafield>
  <datafield tag="952" ind1=" " ind2=" ">
    <subfield code="0">0</subfield>
    <subfield code="1">0</subfield>
    <subfield code="2">ddc</subfield>
    <subfield code="4">0</subfield>
    <subfield code="7">0</subfield>
    <subfield code="a">WAHAB</subfield>
    <subfield code="b">WAHAB</subfield>
    <subfield code="d">2024-11-27</subfield>
    <subfield code="l">0</subfield>
    <subfield code="o">303.483 &#x643; &#x627; &#x646;</subfield>
    <subfield code="p">000004411</subfield>
    <subfield code="r">2024-11-27 14:19:27</subfield>
    <subfield code="w">2024-11-27</subfield>
    <subfield code="y">BOOK</subfield>
  </datafield>
  <datafield tag="999" ind1=" " ind2=" ">
    <subfield code="c">2813</subfield>
    <subfield code="d">2813</subfield>
  </datafield>
</record>
